[Event "Bangkok Thailand op"]
[Site "Bangkok"]
[Date "2021.12.21"]
[Round "8"]
[White "Batchis, Paul"]
[Black "Sajjapornthep, Jarunpol"]
[Result "0-1"]
[WhiteElo "1622"]
[BlackElo "1865"]
[PlyCount "82"]
[EventDate "2021.12.15"]
[EventType "swiss"]
[EventRounds "9"]
[EventCountry "THA"]
[SourceTitle "CBM 206 Extra"]
[Source "ChessBase"]
[SourceDate "2022.03.31"]
[SourceVersion "1"]
[SourceVersionDate "2022.03.31"]
[SourceQuality "1"]

1. d4 d5 2. c4 e6 3. Nf3 Nf6 4. g3 c6 5. Bg2 Bb4+ 6. Nbd2 dxc4 7. a4 c3 8. bxc3 Bxc3 9. Ra3 Bb4 10. Rb3 Qa5 11. Rb1 Ne4 12. Qb3 Bxd2+ 13. Nxd2 Nxd2 14. Bxd2 Qb6 15. Qc2 Qxd4 16. Bc3 Qc4 17. Rb4 Qc5 18. Rg4 g6 19. Qd2 Rg8 20. 0-0 Nd7 21. Rd1 Qe7 22. Rd4 f6 23. a5 Rb8 24. Rd6 Nf8 25. Qd4 Ra8 26. Rd8+ Kf7 27. Bb4 e5 28. Bxe7 exd4 29. Rxf8+ Rxf8 30. Bxf8 Kxf8 31. Rxd4 Ke7 32. a6 bxa6 33. Bxc6 Rb8 34. Kg2 Rb6 35. Be4 a5 36. Ra4 Rb4 37. Bc2 Rxa4 38. Bxa4 Bd7 39. Bb3 a4 40. Ba2 a3 41. Kf3 Be6 0-1

[Event "Bangkok Thailand op"]
[Site "Bangkok"]
[Date "2021.12.16"]
[Round "3"]
[White "Khampliew, Phuttarak"]
[Black "Batchis, Paul"]
[Result "0-1"]
[WhiteElo "1069"]
[BlackElo "1622"]
[PlyCount "50"]
[EventDate "2021.12.15"]
[EventType "swiss"]
[EventRounds "9"]
[EventCountry "THA"]
[SourceTitle "CBM 206 Extra"]
[Source "ChessBase"]
[SourceDate "2022.03.31"]
[SourceVersion "1"]
[SourceVersionDate "2022.03.31"]
[SourceQuality "1"]

1. e4 c6 2. g3 d5 3. Bg2 dxe4 4. Bxe4 Nf6 5. Bf3 Bf5 6. c4 Nbd7 7. d4 e6 8. Nc3 Bb4 9. h3 0-0 10. Nge2 e5 11. Bg2 exd4 12. Qxd4 Nc5 13. 0-0 Qxd4 14. Nxd4 Bd3 15. Bg5 Bxf1 16. Bxf1 Nfe4 17. Nxe4 Nxe4 18. Be3 Bd2 19. Nf5 Bxe3 20. Nxe3 Rfe8 21. Kh2 Nxf2 22. Nc2 Rad8 23. b3 Rd2 24. Re1 Nd3+ 25. Kg1 Nxe1 0-1

[Event "Bangkok Thailand op"]
[Site "Bangkok"]
[Date "2021.12.15"]
[Round "1"]
[White "Lalith, Babu MR"]
[Black "Batchis, Paul"]
[Result "1-0"]
[WhiteElo "2553"]
[BlackElo "1622"]
[PlyCount "61"]
[EventDate "2021.12.15"]
[EventType "swiss"]
[EventRounds "9"]
[EventCountry "THA"]
[SourceTitle "CBM 206 Extra"]
[Source "ChessBase"]
[SourceDate "2022.03.31"]
[SourceVersion "1"]
[SourceVersionDate "2022.03.31"]
[SourceQuality "1"]

1. d4 Nf6 2. c4 e6 3. Nf3 d5 4. g3 Bb4+ 5. Bd2 Bd6 6. Bg2 c6 7. 0-0 Nbd7 8. Nc3 0-0 9. Bg5 h6 10. Bf4 Bxf4 11. gxf4 b6 12. Ne5 Bb7 13. e3 Qe7 14. Kh1 Rac8 15. Rg1 Kh8 16. Qf3 c5 17. Qg3 Rg8 18. Rad1 Ne4 19. Bxe4 Nxe5 20. dxe5 dxe4 21. Nb5 Bc6 22. Nd6 Rcf8 23. f5 f6 24. Qh4 exf5 25. Nxf5 Qf7 26. e6 Qc7 27. e7 Rf7 28. Nxh6 gxh6 29. Qxh6+ Rh7 30. Rxg8+ Kxg8 31. Qf8# 1-0

[Event "Pattaya op"]
[Site "Pattaya"]
[Date "2019.10.28"]
[Round "7"]
[White "Batchis, Paul"]
[Black "Taulananda, Anon"]
[Result "1/2-1/2"]
[WhiteElo "1733"]
[BlackElo "1398"]
[PlyCount "104"]
[EventDate "2019.10.23"]
[EventType "swiss"]
[EventRounds "9"]
[EventCountry "THA"]
[SourceTitle "CBM 195 Extra"]
[Source "ChessBase"]
[SourceDate "2020.05.31"]
[SourceVersion "1"]
[SourceVersionDate "2020.05.31"]
[SourceQuality "1"]

1. d4 d5 2. c4 e6 3. Nc3 Nf6 4. cxd5 exd5 5. Bg5 Be7 6. e3 0-0 7. Bd3 c6 8. Qc2 h6 9. Bh4 Be6 10. Nge2 Nbd7 11. 0-0 c5 12. dxc5 Nxc5 13. Bf5 Rc8 14. Rad1 Qd7 15. Nd4 Nfe4 16. Bxe7 Qxe7 17. Nxe4 Nxe4 18. Qd3 Nc5 19. Qe2 Rfd8 20. Rc1 Bxf5 21. Nxf5 Qe4 22. Nd4 Nd3 23. Rxc8 Rxc8 24. a3 Re8 25. Rd1 Qxd4 26. Rxd3 Qc4 27. Qd2 Rc8 28. h3 Qc1+ 29. Kh2 Qxd2 30. Rxd2 Rd8 31. Kg3 f6 32. Rd4 Kf7 33. e4 Ke6 34. Kf4 Rd7 35. g4 g6 36. h4 dxe4 37. Rxd7 Kxd7 38. Kxe4 Ke6 39. f4 f5+ 40. gxf5+ gxf5+ 41. Kd4 Kd6 42. a4 b6 43. Kc4 a6 44. h5 Kc6 45. Kd4 Kd6 46. b3 a5 47. Kc4 Kc6 48. b4 axb4 49. Kxb4 Kd6 50. Kb5 Kc7 51. Kc4 Kc6 52. Kd4 Kd6 1/2-1/2

[Event "Pattaya op"]
[Site "Pattaya"]
[Date "2019.10.25"]
[Round "4"]
[White "Batchis, Paul"]
[Black "Laddha, Yash Jayesh"]
[Result "1/2-1/2"]
[WhiteElo "1733"]
[BlackElo "1989"]
[PlyCount "126"]
[EventDate "2019.10.23"]
[EventType "swiss"]
[EventRounds "9"]
[EventCountry "THA"]
[SourceTitle "CBM 195 Extra"]
[Source "ChessBase"]
[SourceDate "2020.05.31"]
[SourceVersion "1"]
[SourceVersionDate "2020.05.31"]
[SourceQuality "1"]

1. d4 Nf6 2. c4 e6 3. Nc3 Bb4 4. Qc2 Nc6 5. Nf3 d6 6. Bd2 0-0 7. a3 Bxc3 8. Bxc3 Qe7 9. e3 e5 10. d5 Nb8 11. Nd2 Nbd7 12. b4 b6 13. Bd3 Bb7 14. 0-0 h6 15. e4 Nh5 16. g3 Qg5 17. Kh1 Rfe8 18. Nf3 Qe7 19. Nh4 Nf8 20. Nf5 Qg5 21. f4 Qd8 22. Qe2 Nf6 23. fxe5 dxe5 24. Qf3 N8h7 25. Bd2 Bc8 26. g4 Bxf5 27. gxf5 Kh8 28. Qg3 Qe7 29. Rg1 Rg8 30. Rg2 Nd7 31. Rag1 Ndf6 32. Qf3 Qf8 33. Bc2 a5 34. bxa5 bxa5 35. Qc3 Qe7 36. Rb1 Rab8 37. Qxa5 Rxb1+ 38. Bxb1 Nh5 39. Qa7 Qh4 40. Qf2 Qe7 41. Qf3 Nf4 42. Bxf4 exf4 43. Qxf4 Qxa3 44. Qxc7 Qc1+ 45. Rg1 Qc3 46. Qg3 Qxc4 47. Qd3 Qb4 48. e5 Rd8 49. f6 g6 50. Qe4 Qb3 51. Qf4 Ng5 52. Be4 Qb4 53. Rg4 Qe1+ 54. Kg2 Qe2+ 55. Kg3 Rc8 56. Kh4 Rc4 57. Bf3 Qf2+ 58. Qg3 Nxf3+ 59. Kh3 Qxg3+ 60. Rxg3 Nxe5 61. Re3 Nd7 62. Re8+ Kh7 63. Re7 Rc7 1/2-1/2

[Event "THA Amatuer-ch"]
[Site "Thailand"]
[Date "2019.02.18"]
[Round "3"]
[White "Batchis, Paul"]
[Black "Auarun, Prerasuk"]
[Result "1-0"]
[WhiteElo "1650"]
[BlackElo "1202"]
[PlyCount "69"]
[EventDate "2019.02.16"]
[EventType "swiss"]
[EventRounds "7"]
[EventCountry "THA"]
[SourceTitle "CBM 189 Extra"]
[Source "ChessBase"]
[SourceDate "2019.06.03"]
[SourceVersion "1"]
[SourceVersionDate "2019.06.03"]
[SourceQuality "1"]

1. e4 e6 2. d3 d5 3. Nd2 dxe4 4. dxe4 Nc6 5. Ngf3 Nf6 6. g3 g6 7. Bg2 Bg7 8. 0-0 0-0 9. c3 e5 10. Qc2 h6 11. Nc4 Qe7 12. b4 b5 13. Ne3 Rb8 14. Nd5 Nxd5 15. exd5 Bf5 16. Qe2 Nd8 17. Be3 a6 18. Bc5 Qf6 19. Bxf8 Kxf8 20. Rfe1 Qd6 21. Nxe5 Nb7 22. Nc6 Ra8 23. Rac1 Bf6 24. a3 Kg7 25. c4 bxc4 26. Rxc4 Bd7 27. Qc2 Bf5 28. Qd1 Bd7 29. Nd4 a5 30. Qc2 Bxd4 31. Rxd4 axb4 32. axb4 Ra4 33. Rc4 Rxb4 34. Qc3+ f6 35. Qxb4 1-0